|
|
|
|
| LEADER |
00000cam a2200000 7i4500 |
| 001 |
0000003475 |
| 005 |
20060330.0 |
| 020 |
0 |
0 |
|a 0262571374
|
| 090 |
0 |
0 |
|a 333.75
|b PAF
|
| 245 |
1 |
0 |
|a People and forests :
|b communities, institutions, and governance
|c edited by Clark C. Gibson, Margaret A. McKean, and Elinor Ostrom.
|
| 260 |
0 |
0 |
|a Cambridge, Mass. :
|b MIT Press ,
|c c2000.
|
| 300 |
|
|
|a xxiv, 274 p. :
|b ill., maps ;
|c 24 cm.
|
| 440 |
0 |
0 |
|a Politics, science, and the environment
|
| 650 |
0 |
0 |
|a Forest management
|x Social aspects.
|
| 650 |
0 |
0 |
|a Forestry and community.
|
| 700 |
1 |
1 |
|a Gibson, Clark C. ,
|d 1961-
|
| 700 |
1 |
1 |
|a McKean, Margaret A.
|
| 700 |
1 |
1 |
|a Ostrom, Elinor.
|
| 999 |
|
|
|a 0000006664
|b Monograph
|c Open Shelf
|e Default branch
|